| 000 | 00767nam a22002297a 4500 | ||
|---|---|---|---|
| 999 |
_c156582 _d156582 |
||
| 005 | 20180920145815.0 | ||
| 006 | a|||||f|||| 00| 0 | ||
| 007 | tc | ||
| 008 | 180720b xxu||||| |||| 00| 0 eng d | ||
| 010 | _aBR-001781-BR-001784 | ||
| 020 | _c352.00(per set) | ||
| 035 | _a BR-001781 | ||
| 037 | _bA.I.C.B. | ||
| 082 | _a883.08 | ||
| 100 | _aTilak, Raghukul | ||
| 245 |
_aCoolie _cby Raghukul Tilak _b: a critical study |
||
| 260 |
_aDelhi _bA.C.I.B. _cN.D. |
||
| 270 |
_aSector-5, Rohini, _b New Delhi _e110085 |
||
| 300 |
_a4V.,various pages. _c30cm(HB). |
||
| 942 |
_2ddc _cBRLEN _h883.08 _mTIL |
||